=LDR 00000nam 2200000 4500 =001 INLIS000000000810120 =005 20251022032914 =035 ##$$a 0010-1025000103 =007 ta =008 251022###########################0###### =020 ##$$a 9789791254977 =082 ##$$a 297.2732 =084 ##$$a 297.2732 BAD p =245 ##$$a Panduan Praktis : $b Fiqih Perniagaan Islam Berbisnis dan Berdagang Sesuai Sunnah /$c Dr.Muhammad Arifin bin Badri,MA =260 ##$:$b Darul Haq,